| 000 | 00697nam a2200241 a 4500 | ||
|---|---|---|---|
| 999 |
_c1181 _d1181 |
||
| 008 | 191206r20102011ii a|||g |||| 001 0 eng d | ||
| 020 |
_a9788184048544 _cRs. 775.00 |
||
| 040 |
_aKO _beng |
||
| 041 | 0 | _aeng | |
| 044 | _aii | ||
| 082 | 0 | 4 |
_223 _a623.8503 _bF3912 |
| 100 | 1 | _aFernandez, Elstan A. | |
| 245 | 1 | 0 |
_aMarine Electrical Technology / _cElstan A. Fernandez |
| 250 | _a5th ed. | ||
| 260 |
_aMumbai : _bShroff Publishers & Distributors Pvt Ltd, _c2010, reprinted 2011 |
||
| 300 |
_a1xiii, 1106 p. : _bill. ; _c24 cm. |
||
| 504 | _aIncludes index. | ||
| 650 | 0 | _aShips -- Electric equipment | |
| 650 | 0 | _aShips -- Electronic equipment | |
| 904 | _aS_JOY | ||
| 942 | _cBK | ||